000 00892nam a2200289 4500
001 13561011
005 20150513153307.0
007 000
008 000
010 _a 2004105799
020 _a053442323X
035 _a(DLC) 2004105799
040 _aUOEL
_cDLC
_dDLC
042 _apcc
050 0 0 _aQA162
_b.L36 2005
082 0 0 _a512/.02
_222
100 1 _aLanski, Charles,
_d1943-
245 1 0 _aConcepts in abstract algebra /
_cCharles Lanski.
260 _aBelmont, CA :
_bThomson Brooks/Cole,
_cc2005.
300 _axiv, 545 p. :
_bill. ;
_c25 cm.
440 4 _aThe Brooks/Cole series in advanced mathematics
500 _aIncludes index.
650 0 _aAlgebra, Abstract.
_xMathematics
906 _a7
_bcbc
_corignew
_d2
_eepcn
_f20
_gy-gencatlg
942 _2lcc
_cLL
999 _c7433
_d7433